مكتبة جامعة عجلون الوطنية

فهرس بحث المكتبة

Normal view MARC view
  • تأليف الخويلدي، محمد علي عمر

Entry Personal Name

Number of records used in: 1

001 - CONTROL NUMBER

  • control field: 61882

003 - CONTROL NUMBER IDENTIFIER

  • control field: JO-AjAnu

005 - DATE AND TIME OF LATEST TRANSACTION

  • control field: 20230606084117.0

008 - FIXED-LENGTH DATA ELEMENTS

  • fixed length control field: 230606|| aca||aabn | a|a d

040 ## - CATALOGING SOURCE

  • Original cataloging agency: JO-AjAnu
  • Transcribing agency: JO-AjAnu

100 ## - HEADING--PERSONAL NAME

  • Personal name: تأليف الخويلدي، محمد علي عمر

670 ## - SOURCE DATA FOUND

  • Source citation: Work cat.: (JO-AjAnu)31562: تأليف الخويلدي، محمد علي عمر, author, التأثير الحضاري العربي الاسلامي في شرق افريقيا من القرن الخامس الهجري حتى السابع 424-656هـ/1129-1258م: (دراسة في الاحوال الجغرافية وعوامل انتشار الاسلام والتأثيرات الدينية والثقافية والاجتماعية)